FC Bayern München Kader Saison 2010/2011 - Statistiken

Allgemein
  • Dieses Quiz wurde 77 mal gespielt
  • Das Durchschnittsergebnis liegt bei 20 aus 31
Antwortstatistiken
Nummer Nation Spieler % Korrekt
10 Niederlande Arjen Robben
97%
7 Frankreich Franck Ribéry
97%
31 Deutschland Bastian Schweinsteiger
94%
27 Österreich David Alaba
94%
21 Deutschland Philipp Lahm
94%
1 Deutschland Hans-Jörg Butt
92%
33 Deutschland Mario Gomez
91%
5 Belgien Daniel van Buyten
89%
25 Deutschland Thomas Müller
89%
11 Kroatien Ivica Olic
86%
6 Argentinien Martin Demichelis
81%
18 Deutschland Miroslav Klose
81%
8 Türkei Hamit Altintop
78%
17 Niederlande Mark van Bommel
78%
28 Deutschland Holger Badstuber
77%
35 Deutschland Thomas Kraft
75%
2 Brasilien Breno
73%
39 Deutschland Toni Kroos
70%
23 Kroatien Danijel Pranjic
61%
30 Brasilien Luiz Gustavo
59%
26 Deutschland Diego Contento
56%
16 Deutschland Andreas Ottl
52%
20 Argentinien José Ernesto Sosa
52%
44 Ukraine Anatoliy Tymoshchuk
48%
4 Niederlande Edson Braafheid
48%
24 Deutschland Maximilian Riedmüller
31%
32 Deutschland Rouven Sattelmaier
20%
37 Italien Nicola Sansone
13%
36 Coracao Boy Deul
5%
34 Deutschland Nicolas Jüllich
3%
29 Österreich Christoph Knasmüllner
2%
Keine übereinstimmenden Quizze gefunden
Verteilung der Resultate
Anzahl Personen mit jedem Resultat
Perzentil nach korrekt beantworteten Fragen
Ihre Resultats-Entwicklung
Sie haben dieses Quiz noch nicht gespielt